Bodrogköz táncai és táncélete 1946-1948

Bibliographic Details
Main Author: Kaposi, Edit, 1949- (Author)
Format: Book
Language:Hungarian
PhysicalDescription:254 s. noty, sch. 24 cm
Published: Budapest Planétás c1999
ISBN:9639014427
ISSN:1417-5932
Series:Jelenlévő múlt
Subjects:

MARC

LEADER 00000nam a2200000 a 4500
001 vtls001422694
003 SK-MaSNL
005 20260301012910.0
008 251113s1999 HU ag r 0 hun
020 |a 9639014427  |c [420,00] 
035 |a SNK000377563 
040 |a SNK  |b slo  |c SNK  |e AACR2 
044 |a HU 
080 |a 793.31(=945.11)(439)=945.11  |2 1981 
100 1 |a Kaposi, Edit,  |d 1949-  |4 aut  |9 298704 
245 1 0 |a Bodrogköz táncai és táncélete 1946-1948  |c Kaposi Edit 
260 |a Budapest  |b Planétás  |c c1999 
300 |a 254 s.  |b noty, sch.  |c 24 cm 
490 1 |a Jelenlévő múlt  |x 1417-5932 
650 0 7 |a tance ľudové maďarské  |z Bodrog (Maďarsko : povodie)  |y 1946-1948  |x štúdie  |2 SNK  |9 298705 
651 7 |a Maďarsko (povodie Bodroga)  |x tance ľudové  |y 1946-1948  |x štúdie  |2 SNK  |9 298706 
830 0 |a Jelenlévő múlt  |9 298707 
919 |a 963-9014-42-7 
999 |c 554662  |d 556592 
952 |t P60, <04>, [BOOK], {604}  |a SNK  |b SNK  |y VYP  |7 0  |p 17A0325319  |o snkIC 129810  |i snkV 1770/2001  |0 0  |1 0  |4 0  |d 2001-12-20  |l 0  |r 2005-01-02 00:00:00  |w 2026-02-23